Propuesta de desarrollo turístico sustentable para la ciudad de San Jorge, Rivas

Para el estudio diagnóstico se realizó modificación del Manual de Panificación Turística Municipal declarado por el INTUR, abordando todos los componentes presentes y valorándolos. Finalmente con los resultados obtenidos en el diagnóstico y fundamentado en el marco teórico y legal se elaboro...

Full description

Bibliographic Details
Main Authors: Huete Canales, Elvin Jonathan, Miranda Ramírez, Axel Lenin
Other Authors: Tutor: Hernández Hidalgo, Heimdall Verónica
Format: Tesis Section = Libro
Language:Undetermined
Spanish
Published: Managua UNI 2011
Subjects:
LEADER 01531nam a2200265Ia 4500
008 240830s9999 xx 000 0 und d
040 |a BIBLIOTECA-RUSB/ Mon 725.8042 H888 
041 |a spa 
082 |a Mon 725.8042 H888 
100 1 |a Huete Canales, Elvin Jonathan 
100 1 |b Miranda Ramírez, Axel Lenin 
245 1 0 |a Propuesta de desarrollo turístico sustentable para la ciudad de San Jorge, Rivas 
260 |a Managua  |b UNI  |c 2011 
300 |a 157 p. :il. 
500 |a Contiene: anexos. 
502 |a Tesis (Arquitecto) - UNI, 2011. 
520 3 |a Para el estudio diagnóstico se realizó modificación del Manual de Panificación Turística Municipal declarado por el INTUR, abordando todos los componentes presentes y valorándolos. Finalmente con los resultados obtenidos en el diagnóstico y fundamentado en el marco teórico y legal se elaboró la propuesta a nivel de anteproyecto, cuyo plazo de ejecución se propone desde el año 2011 hasta el año 2023 para ello se diseñó el plantea miento teórico de la propuesta de desarrollo turístico sustentable donde se definen políticas, objetivos, lineamientos y estrategias de intervención a la ciudad de San Jorge. 
650 7 |a CENTROS DE RECREACIÓN - SAN JORGE RIVAS 
650 7 |b  DISEÑO ARQUITECTÓNICO - PLANOS ARQUITECTÓNICOS 
650 7 |c  POTENCIAL TURÍSTICO - RECREATIVO 
650 7 |d  CENTROS TURÍSTICOS 
700 1 |a Tutor:  |b Hernández Hidalgo, Heimdall Verónica 
942 |c BK  |2 ddc 
991 |a TESIS 
999 |c 21307